Welcome to WEB OPAC of MRSPTU Central Library

Inorganic Chemistry : principles of structure and reactivity (Record no. 5758)

MARC details
000 -LEADER
fixed length control field 00459nam a2200181Ia 4500
008 - FIXED-LENGTH DATA ELEMENTS--GENERAL INFORMATION
fixed length control field 230711s9999||||xx |||||||||||||| ||und||
020 ## - INTERNATIONAL STANDARD BOOK NUMBER
International Standard Book Number 978-81-775-8130-0
041 ## - LANGUAGE CODE
Language code of text/sound track or separate title ENG
082 ## - DEWEY DECIMAL CLASSIFICATION NUMBER
Classification number 546
Item number HI-I
100 ## - MAIN ENTRY--PERSONAL NAME
Personal name Huheey,James E
245 #0 - TITLE STATEMENT
Title Inorganic Chemistry : principles of structure and reactivity
250 ## - EDITION STATEMENT
Edition statement 7th . Ed.
260 ## - PUBLICATION, DISTRIBUTION, ETC.
Date of publication, distribution, etc. 2013
Place of publication, distribution, etc. New Delhi
Name of publisher, distributor, etc. Pearson
300 ## - PHYSICAL DESCRIPTION
Extent 808p.
650 ## - SUBJECT ADDED ENTRY--TOPICAL TERM
Topical term or geographic name entry element Chemistry
700 ## - ADDED ENTRY--PERSONAL NAME
Personal name Keiter,Ellen A
942 ## - ADDED ENTRY ELEMENTS (KOHA)
Koha item type Book
Holdings
Withdrawn status Lost status Damaged status Not for loan Collection Home library Current library Date acquired Cost, normal purchase price Inventory number Total checkouts Full call number Barcode Date last seen Price effective from Koha item type Date last checked out
          MRSPTU Central Library MRSPTU Central Library   825.00 49542485   546 HI-I 31131 08/17/2023 08/17/2023 Book  
          MRSPTU Central Library MRSPTU Central Library   825.00 49542485 6 546 HI-I 31132 03/09/2026 08/17/2023 Book 05/07/2025
          MRSPTU Central Library MRSPTU Central Library   825.00 49542485 1 546 HI-I 31133 11/14/2024 08/17/2023 Book 10/22/2024
          MRSPTU Central Library MRSPTU Central Library   825.00 49542485   546 HI-I 31134 08/17/2023 08/17/2023 Book  
          MRSPTU Central Library MRSPTU Central Library   825.00 49542485   546 HI-I 31135 08/17/2023 08/17/2023 Book  

Website Designed and Developed by MRSPTU Central Library Team

E-mail Id: librarian@mrsptu.ac.in